• 首页
  • 本馆介绍
  • 公告通知
  • 最新文献
  • 馆藏检索
  • 电子资源
  • 读者导购
  • 参考咨询
  • 我的图书馆
  • 登录
  • 详细信息显示
  • 放入我的书架
  • 预约/预借图书
  • 作者相关作品
  • 分类相关作品
  • 丛书相关作品
  • 出版社相关作品

书目信息

  • 表格格式
  • 工作单格式
  • 卡片格式
题名:
文化寻根
    
 
作者: 姜正成 主编
分册:  
出版信息: 北京   中国财富出版社  2019
页数: 239页
开本: 24cm
丛书名:
单 册:
中图分类: K892-49
科图分类:
主题词: 风俗习惯--中国--通俗读物
电子资源:
ISBN: 978-7-5047-5960-3
000 00851nam0 2200253 45
001 012001012057
005 20141123161255.0
010    @a978-7-5047-5960-3@dCNY38.00
100    @a20160509d2016 em y0chiy50 ea
101 0  @achi
102    @aCN@b110000
105    @ay z 000yy
106    @ar
200 1  @a文化寻根@9wen hua xun gen@b专著@e一本书读懂中国民俗@f姜正成主编
210    @a北京@c中国财富出版社@d2019
215    @a239页@d24cm
300    @a一本书读懂系列
330    @a本书主要介绍了婚姻文化、民居文化、礼仪文化、禁忌文化、姓氏文化、丧葬文化、节气时令文化、节日文化、饮食文化等。
517 1  @a一本书读懂中国民俗@9yi ben shu du dong zhong guo min su
606 0  @a风俗习惯@y中国@j通俗读物
690    @aK892-49@v5
701  0 @a姜正成@9jiang zheng cheng@4主编
801  0 @aCN@b上海新华@c20191020
905    @b1184905-6@dK892-49@e329@f2
    
    文化寻根:一本书读懂中国民俗/姜正成主编.-北京:中国财富出版社,2019
    239页;24cm
    一本书读懂系列
    
    ISBN 978-7-5047-5960-3:CNY38.00
    本书主要介绍了婚姻文化、民居文化、礼仪文化、禁忌文化、姓氏文化、丧葬文化、节气时令文化、节日文化、饮食文化等。
●
相关链接 在E读中查询图书 在五车中查询图书 在当当中查询图书 在豆瓣中查询图书


正题名:文化寻根     索取号:K892-49/329         预约/预借

序号 登录号 条形码 馆藏地/架位号 状态 备注
1 1184905   211849053   第二样本阅览室/ [索取号:K892-49/329] 在馆    
2 1184906   211849062   第二借阅区/ [索取号:K892-49/329] 在馆    
唐山师范学院图书馆 欢迎您!
大连网信软件有限公司© 版权所有